000 00465nmm a2200169Ia 4500
008 251105s9999||||xx |||||||||||||||||und||
020 _a9788415472797
041 _aspa
100 _aTrías, Eugenio
245 0 _aDe cine : Aventuras y extravíos
264 _a[Madrid, España] :
_bGalaxia Gutenberg,
_c2013
300 _a368 páginas
490 _aEnsayo
650 _aFilm studies
856 _uhttps://public.digitaliapublishing.com/a/28805
942 _cCF
999 _c76738
_d76738